000 00835nmm a2200301 a 4500
003 AR-BaBNM
005 20251128205618.0
008 298019s1995 ||||||||||||||000 | spa||
020 _a950-808-054-X
040 _cAR-BaBNM
100 1 _aMelo, Artemio Luis
245 1 0 _aEl gobierno de Alfonsín
_bla instauración democrática argentina [1983-1989]
260 _aBuenos Aires
_bHomo Sapiens Ediciones
_c1995
300 0 _a164 p.
504 _aBibliografía p. 153-161
600 1 4 _aAlfonsín, Raúl Ricardo
650 4 _aHISTORIA POLITICA ARGENTINA
650 4 _aHISTORIA ECONOMICA
650 4 _aPRESIDENCIAS ARGENTINAS
650 4 _aSINDICALISMO
650 4 _aLIBERALISMO
650 4 _aDEMOCRACIA
650 4 _aPODER POLITICO
650 4 _aMILITARES
651 4 _aArgentina
942 _cBK
998 _cMariana
999 _c12119
_d12119